00460nam a2200169Ia 450000500170000000800410001702000180005804000190007604100120009508200150010710000220012224500580014426000270020230000110022965000400024085000100028020240403093424.0131103s9999 xx 000 0 und d a0 435 92893 7 aLoreto College aEnglish a420.7bTOM aTomori, S. H. Olu 4aThe teaching of composition writingcS. H. Olu Tomori aLondonbHeinemanc1971 a175p.  aEnglish language - Study & teaching aLCBED